[Event "Guillermo Garcia Premier II"]
[Site "Santa Clara CUB"]
[Date "2000.05.30"]
[Round "6"]
[White "Arencibia,W"]
[Black "Soppe,G"]
[Result "1/2-1/2"]
[WhiteElo "2529"]
[BlackElo "2466"]

1.d4 d5 2.c4 e6 3.Nc3 Nf6 4.Nf3 Be7 5.Bf4 O-O 6.e3 c5 7.dxc5 Bxc5 8.a3 Nc6
9.cxd5 Nxd5 10.Nxd5 exd5 11.Bd3 Bb6 12.O-O d4 13.e4 Bg4 14.h3 Qf6 15.hxg4 Qxf4
16.Nh2 Ne5 17.g3 Qh6 18.Kg2 Rac8 19.Nf3 Nxd3 20.Qxd3 Rfe8 21.Rfe1 Qe6 22.g5 Qc4
23.Qxc4 Rxc4 24.Rac1 Rec8 25.Rxc4 Rxc4 26.Ne5 Rc2 27.Rd1 Rxb2 28.Nc4 Rb3
29.Nxb6 Rxb6 30.Rxd4  1/2-1/2

[Event "Bank Pocztowy Open"]
[Site "Bydgoszcz POL"]
[Date "2000.06.02"]
[Round "5"]
[White "Shishkin,V"]
[Black "Struk,J"]
[Result "1-0"]
[WhiteElo "2411"]
[BlackElo "2268"]

1.d4 d5 2.c4 e6 3.Nc3 Be7 4.Nf3 Nf6 5.Bf4 O-O 6.e3 c5 7.dxc5 Bxc5 8.a3 Nc6
9.cxd5 exd5 10.b4 Be7 11.Be2 Be6 12.O-O Nh5 13.Be5 Nxe5 14.Nxe5 Rc8 15.Qd4 Nf6
16.Rfd1 Nd7 17.Nxd7 Qxd7 18.Nxd5 Qxd5 19.Qxd5 Bxd5 20.Rxd5 Bf6 21.Rad1 Rc3
22.Rd7 Rxa3 23.Rxb7 a5 24.b5 a4 25.Ra7 Be5 26.Bc4 g6 27.g3 Bb8 28.Rxf7 Rxf7
29.Rd7 Rc3 30.Bxf7+ Kf8 31.Bd5 Bc7 32.Rf7+ Ke8 33.Rxh7 a3 34.Rg7 Rc5 35.Be6 Kf8
36.Rd7 Ba5 37.Rf7+ Ke8 38.Ra7 Bb4 39.b6 Kd8 40.Ra8+ Ke7 41.b7 Rc1+ 42.Kg2 Bd6
43.Ba2 Rc2 44.Rxa3 Rb2 45.Rb3 Rxa2 46.b8=Q Bxb8 47.Rxb8 Kf6 48.h4  1-0

[Event "Guillermo Garcia Premier I"]
[Site "Santa Clara CUB"]
[Date "2000.06.02"]
[Round "8"]
[White "Vera,R"]
[Black "Bruzon,L"]
[Result "1/2-1/2"]
[WhiteElo "2546"]
[BlackElo "2568"]

1.d4 d5 2.c4 e6 3.Nc3 Be7 4.Nf3 Nf6 5.Bf4 O-O 6.e3 c5 7.dxc5 Bxc5 8.a3 Nc6
9.Rc1 d4 10.exd4 Nxd4 11.Ne5 a5 12.Bd3 b6 13.O-O Bb7 14.Bg5 Be7 15.Re1 g6
16.Bf1 Nc6 17.Qf3 Qc8 18.Bxf6 Nxe5 19.Qf4 Bxf6 20.Qxf6 Nd7 21.Qf4 a4 22.Rcd1 Bc6
23.Rd6 Nc5 24.Red1 Qc7 25.Qd4 Nb7 26.Rxc6 Qxc6 27.Ne4 f5  1/2-1/2

[Event "zt 1.7"]
[Site "Mezezers LAT"]
[Date "2000.06.11"]
[Round "6"]
[White "Kveinys,A"]
[Black "Klovans,J"]
[Result "1/2-1/2"]
[WhiteElo "2496"]
[BlackElo "2492"]

1.d4 d5 2.c4 e6 3.Nc3 Be7 4.Nf3 Nf6 5.Bf4 O-O 6.e3 b6 7.Qc2 Bb7 8.cxd5 exd5
9.Be2 Nbd7 10.O-O c5 11.Rad1 Rc8 12.Ne5 cxd4 13.exd4 Ne4 14.Bd3 Ndf6 15.f3 Nxc3
16.bxc3 Bb4 17.Bd2 Bd6 18.Bg5 h6 19.Bxf6 Qxf6 20.f4 Rc7 21.Rf3 Bb4 22.Re1 Rfc8
23.Bh7+ Kh8 24.Qf5 Bxc3 25.Rxc3 Qxf5 26.Bxf5 Rxc3 27.Nxf7+ Kg8 28.Bxc8 Bxc8
29.Nd6 Ba6 30.Re8+ Kh7 31.Re7 Rc1+ 32.Kf2 Rc2+ 33.Kg3 Bf1 34.f5 Kg8 35.Re8+ Kh7
36.Nf7 g5 37.Ne5 Rxg2+ 38.Kf3 Rxa2 39.Re7+ Kg8 40.Ng4 h5 41.Nf6+ Kf8 42.Rc7 Bd3
43.Nh7+ Ke8 44.Nxg5 Bxf5 45.Kf4 Bd7 46.Ke5 Rf2 47.h4 Ke7 48.Kxd5 Rf5+ 49.Ke4 Ra5
50.Nf7 Kxf7 51.Rxd7+ Ke6 52.Rh7 Kd6 53.Rh6+ Kc7 54.d5 Ra4+ 55.Ke5 Rxh4 56.Rh7+ Kc8
57.Rh8+  1/2-1/2

[Event "zt 1.5"]
[Site "Yerevan ARM"]
[Date "2000.06.13"]
[Round "7"]
[White "Bagaturov,G"]
[Black "Dervishi,E"]
[Result "1/2-1/2"]
[WhiteElo "2501"]
[BlackElo "2478"]

1.d4 Nf6 2.c4 e6 3.Nf3 d5 4.Nc3 Be7 5.Bf4 O-O 6.e3 c5 7.dxc5 Bxc5 8.Qc2 Nc6
9.a3 Qa5 10.O-O-O Be7 11.g4 dxc4 12.Bxc4 e5 13.g5 exf4 14.gxf6 Bxf6 15.Rd5 Qc7
16.Ne4 Qe7 17.h4 g6 18.h5 Bf5 19.Nxf6+ Qxf6 20.e4 Bg4 21.hxg6 Bxf3 22.gxf7+ Kh8
23.Rxh7+ Kxh7 24.e5+ Qg6 25.Bd3 Bxd5 26.Bxg6+ Kg7 27.Qf5 Nxe5 28.Bh5 Bxf7
29.Qxe5+ Kh6 30.Bxf7 Rxf7 31.Qe6+ Kg7 32.Qe5+ Kg8 33.Qg5+ Kf8 34.Qc5+ Kg8  1/2-1/2

[Event "Ordix Open"]
[Site "Frankfurt GER"]
[Date "2000.06.16"]
[Round "3"]
[White "Epishin,V"]
[Black "Margoline,B"]
[Result "1-0"]
[WhiteElo "2667"]
[BlackElo "2403"]

1.d4 d5 2.c4 e6 3.Nf3 Nf6 4.Nc3 Be7 5.Bf4 O-O 6.e3 a6 7.cxd5 exd5 8.Bd3 Nbd7
9.g4 Bb4 10.Qc2 Qe7 11.a3 Bxc3+ 12.Qxc3 c5 13.h3 Ne4 14.Qc2 Re8 15.O-O h5
16.gxh5 Ndf6 17.Kh2 Nxh5 18.Be5 f6 19.Bg3 Qe6 20.Ng1 cxd4 21.exd4 Bd7 22.Rfe1 Rac8
23.Qb3 Bb5 24.Bxe4 dxe4 25.d5 Qf7 26.Rac1 f5 27.Rxc8 Rxc8 28.Be5 Bc4 29.Qe3 Qxd5
30.f4 Qd3 31.Qf2 Bf7 32.Bc3 Qd6 33.Ne2 Bc4 34.Ng3 Qxf4 35.Qxf4 Nxf4 36.Nxf5 Re8
37.Nd6 Nd3 38.Re3 Rf8 39.Nxc4 Rf2+ 40.Kg3  1-0

[Event "Ordix Open"]
[Site "Frankfurt GER"]
[Date "2000.06.17"]
[Round "7"]
[White "Epishin,V"]
[Black "Landa,K"]
[Result "1/2-1/2"]
[WhiteElo "2667"]
[BlackElo "2598"]

1.d4 d5 2.c4 e6 3.Nf3 Nf6 4.Nc3 Be7 5.Bf4 O-O 6.e3 c5 7.dxc5 Nc6 8.cxd5 exd5
9.Bd3 Bg4 10.O-O Bxc5 11.h3 Bh5 12.Bg5 d4 13.Bxf6 Qxf6 14.Ne4 Qe7 15.Nxc5 Qxc5
16.g4 Bg6 17.Bxg6 hxg6 18.Nxd4 Nxd4 19.Qxd4 Qxd4 20.exd4 Rfd8 21.Rad1 Rac8
22.Rd2 Kf8 23.Re1 Rc4 24.Re4 Re8 25.f3 f5 26.Rxe8+ Kxe8 27.Kf2 Ke7 28.Ke3 Rc1
29.Kf4 Kf6 30.d5 g5+ 31.Ke3 f4+ 32.Kd4 Rh1 33.Kc5 Ke7 34.d6+ Kd7 35.Rd5 b6+
36.Kd4 Rxh3 37.Rxg5 Rxf3 38.Rxg7+ Kxd6 39.Rxa7 Rf2 40.Ke4 f3 41.Ke3 Rxb2
42.Kxf3 Ke5 43.Re7+ Kf6 44.Re2 Rb4 45.Kg3 Ra4 46.Kh4 Kg6 47.Rb2 Ra6 48.Kg3 Kg5
49.Rb5+ Kg6 50.Kh4 Rxa2 51.Rxb6+ Kg7 52.Kh5 Rh2+ 53.Kg5 Ra2 54.Rb7+ Kg8 55.Re7 Ra6
56.Kf5 Rb6 57.g5 Ra6 58.Kg4 Rb6 59.Kh5 Ra6 60.g6 Ra1 61.Kg5 Rg1+  1/2-1/2

[Event "zt 1.4"]
[Site "Budapest HUN"]
[Date "2000.06.19"]
[Round "3"]
[White "Meduna,E"]
[Black "Radulski,J"]
[Result "1/2-1/2"]
[WhiteElo "2495"]
[BlackElo "2421"]

1.d4 d5 2.Nf3 Nf6 3.c4 e6 4.Nc3 Be7 5.Bf4 O-O 6.e3 a6 7.c5 b6 8.b4 Nc6 9.a3 Bb7
10.Bd3 Re8 11.O-O g6 12.h3 Nd7 13.Rc1 b5 14.Qb3 Bf6 15.Rfd1 Ne7 16.a4 c6
17.Bg5 Bg7 18.axb5 axb5 19.e4 Qc7 20.Bh4 Bc8 21.Re1 Nf6 22.Ne5 Nh5 23.exd5 Nxd5
24.Be4 Bd7 25.Bf3 Nxc3 26.Qxc3 Nf6 27.Bxf6 Bxf6 28.Qe3 Ra7 29.g3 Rd8 30.h4 Be8
31.h5 Ra4 32.Rb1 Bg7 33.Kg2 Ra2 34.Rbd1 Rda8 35.Qe4 R8a6 36.Qf4 Qd8 37.hxg6 hxg6
38.Ng4 f5 39.Ne5 g5 40.Qe3 g4 41.Be2 Qd5+ 42.Kg1 R6a3 43.Rd3 Rxd3 44.Bxd3 Ra3
45.Qc1 Ra8 46.Qf4 Rd8 47.Bc2 Qxd4 48.Rd1 Qxf4 49.gxf4 Rxd1+ 50.Bxd1 Bh6 51.Bb3 Bxf4
52.Bxe6+ Kg7 53.Nd3 Kf6 54.Nxf4 Ke5 55.Bxf5 Kxf4 56.Be6 Ke5 57.Bxg4 Kd4 58.f4 Kc3
59.Be6 Kxb4 60.f5 Kxc5 61.f6 b4 62.Kf2 Kd4 63.Bd7 Bh5 64.Bxc6 b3 65.Ba4 b2
66.Bc2 Kc3 67.Bf5  1/2-1/2

[Event "ch-SWE"]
[Site "Orebro SWE"]
[Date "2000.07.05"]
[Round "4"]
[White "Hillarp Persson,T"]
[Black "Akesson,R"]
[Result "1/2-1/2"]
[WhiteElo "2549"]
[BlackElo "2486"]

1.d4 d5 2.c4 e6 3.Nf3 Nf6 4.Nc3 Be7 5.Bf4 O-O 6.e3 c5 7.dxc5 Bxc5 8.cxd5 Nxd5
9.Nxd5 exd5 10.Bd3 Bb4+ 11.Kf1 Nc6 12.h3 Bd6 13.Bxd6 Qxd6 14.a3 Qf6 15.Qc2 g6
16.Rc1 Be6 17.Qc3 Qxc3 18.Rxc3 d4  1/2-1/2

[Event "Staffordshire GM"]
[Site "Lichfield ENG"]
[Date "2000.07.06"]
[Round "1"]
[White "Crouch,C"]
[Black "Turner,M"]
[Result "1/2-1/2"]
[WhiteElo "2424"]
[BlackElo "2487"]

1.d4 e6 2.c4 d5 3.Nc3 Be7 4.Nf3 Nf6 5.Bf4 O-O 6.e3 c5 7.dxc5 Nc6 8.cxd5 exd5
9.Be2 Bxc5 10.O-O Be6 11.Ne5 Bd6 12.Nxc6 bxc6 13.Bxd6 Qxd6 14.Rc1 c5 15.Qc2 Rac8
16.Rfd1 Rfd8 17.Qa4 Qe5 18.Qxa7 d4 19.Qa5 Nd7 20.Nb5 dxe3 21.fxe3 Qxe3+ 22.Kf1 Qe5
23.Na7 Ra8 24.Bf3 Qxh2 25.b4 Qf4 26.bxc5 Nf8 27.Kg1 Qe3+ 28.Kh1 Qh6+ 29.Kg1 Qe3+  1/2-1/2

[Event "ch-SWE"]
[Site "Orebro SWE"]
[Date "2000.07.06"]
[Round "5"]
[White "Akesson,R"]
[Black "Vernersson,P"]
[Result "1-0"]
[WhiteElo "2486"]
[BlackElo "2374"]

1.d4 d5 2.c4 e6 3.Nc3 Be7 4.Nf3 Nf6 5.Bf4 O-O 6.e3 c5 7.dxc5 Bxc5 8.cxd5 Nxd5
9.Nxd5 exd5 10.a3 Bf5 11.Bd3 Bxd3 12.Qxd3 Nc6 13.Rd1 Ne7 14.O-O Qb6 15.Rd2 Rad8
16.Rfd1 Bd6 17.Ng5 g6 18.Bxd6 Rxd6 19.Ne4 Rc6 20.Nc3 Rd8 21.Qd4 Qxd4 22.Rxd4 f5
23.f3 Rb6 24.R1d2 Re8 25.Kf2 Re6 26.Rb4 b6 27.Rbd4 Nc6 28.Rxd5 Na5 29.e4 Nc4
30.R2d4 Nxb2 31.exf5 gxf5 32.Rxf5 Rc8 33.Ne4 Nc4 34.Rd7 Rh6 35.Nf6+ Kh8 36.Ng4 Rd6
37.Rxa7 Rd2+ 38.Kg3 Rd6 39.Rff7 h6 40.Rh7+ Kg8 41.Nxh6+  1-0

[Event "ch-SWE"]
[Site "Orebro SWE"]
[Date "2000.07.07"]
[Round "6"]
[White "Barkhagen,J"]
[Black "Akesson,R"]
[Result "1/2-1/2"]
[WhiteElo "2449"]
[BlackElo "2486"]

1.d4 d5 2.c4 e6 3.Nc3 Be7 4.Nf3 Nf6 5.Bf4 O-O 6.e3 c5 7.dxc5 Bxc5 8.cxd5 Nxd5
9.Nxd5 exd5 10.a3 Nc6 11.Bd3 Bb6 12.O-O d4 13.exd4 Nxd4 14.Be5 Bg4 15.Bxd4 Bxd4
16.Bxh7+ Kxh7 17.Qd3+ Kg8 18.Nxd4 Qb6 19.Qe4 Rad8 20.Qxg4 Rxd4 21.Qf3 Rfd8
22.b4 Rd3 23.Qe4 a5 24.bxa5 Qxa5 25.Qxb7 Rxa3 26.Rae1 Rad3 27.g3 Qd5 28.Qe7 Qf3
29.Re3 Qd5 30.h4 Rxe3 31.Qxe3 Qd3 32.Kg2 Qxe3 33.fxe3 Re8 34.Kf3 g6 35.Rd1 Kg7
36.Kf4 Re6 37.e4 Rf6+ 38.Ke3 Ra6 39.Rd7 Ra1 40.Kf4 Rf1+ 41.Ke3 Re1+ 42.Kf3 Rf1+
43.Ke2 Ra1 44.g4 Rh1 45.e5 Rxh4 46.Kf3 Rh1 47.e6 Rf1+ 48.Kg3 Kf8  1/2-1/2

[Event "6th Tan Chin Nam Cup"]
[Site "Beijing CHN"]
[Date "2000.07.09"]
[Round "1"]
[White "Dreev,A"]
[Black "Short,N"]
[Result "1/2-1/2"]
[WhiteElo "2676"]
[BlackElo "2677"]

1.d4 Nf6 2.c4 e6 3.Nf3 d5 4.Nc3 Be7 5.Bf4 O-O 6.e3 c5 7.dxc5 Bxc5 8.a3 Nc6
9.cxd5 Nxd5 10.Nxd5 exd5 11.Bd3 Bd6 12.Qa4 h6 13.O-O Be6 14.Rad1 Rc8 15.Rd2 Bxf4
16.Qxf4 g5 17.Qa4 Qa5 18.Qd1 Rfd8 19.h3 d4 20.Nxd4 Nxd4 21.exd4 Bb3 22.Qe1 Re8
23.Re2 Qxe1 24.Rfxe1 Rxe2 25.Bxe2 Rc2 26.Bf3 Rxb2 27.Re7 Ra2 28.d5 Rxa3 29.d6 Kf8
30.Rxb7 Be6 31.Bd5 Rd3 32.Bxe6 fxe6 33.Rxa7 Rxd6 34.Kh2 e5 35.Kg3 e4 36.Rh7 Rf6
37.Rc7 Rf4  1/2-1/2

[Event "Schuhplattler Veterans vs Ladies"]
[Site "Munich GER"]
[Date "2000.07.14"]
[Round "9"]
[White "Galliamova,A"]
[Black "Bouwmeester,H"]
[Result "1-0"]
[WhiteElo "2526"]
[BlackElo "2414"]

1.Nf3 d5 2.d4 Nf6 3.c4 e6 4.Nc3 Be7 5.Bf4 O-O 6.e3 c5 7.dxc5 Bxc5 8.a3 Nc6
9.cxd5 Nxd5 10.Nxd5 exd5 11.Bd3 h6 12.O-O Bd6 13.Qa4 Be6 14.Rfd1 a6 15.Rac1 b5
16.Qc2 Rc8 17.Bxd6 Qxd6 18.Qd2 Ne5 19.Be2 Rxc1 20.Rxc1 Rd8 21.Nxe5 Qxe5 22.Rc6 Bc8
23.Qd4 Qxd4 24.exd4 Kf8 25.Bf3 Ke7 26.Rc7+ Ke6 27.Kf1 a5 28.Ke1 Bd7 29.Ra7 a4
30.Ra6+ Ke7 31.Ra7 Kd6 32.Kd2 Kc6 33.Ra6+ Kc7 34.Bxd5 Be8 35.Bxf7 Kb7 36.Re6 Bxf7
37.Re7+ Kc6 38.Rxf7 Rxd4+ 39.Kc3 Rc4+ 40.Kd3 Rg4 41.g3 Kc5 42.f4 Rg6 43.f5 Rd6+
44.Kc3 g6 45.g4 Rc6 46.h4 Kd5+ 47.Kd3 Rb6 48.g5 hxg5 49.hxg5 Ke5 50.fxg6 b4
51.g7 Rg6 52.axb4 Rxg5 53.b5  1-0

[Event "ch-Paris"]
[Site "Paris FRA"]
[Date "2000.07.21"]
[Round "7"]
[White "Savchenko,S"]
[Black "David,Alb"]
[Result "1-0"]
[WhiteElo "2579"]
[BlackElo "2487"]

1.Nf3 Nf6 2.c4 e6 3.Nc3 d5 4.d4 Be7 5.Bf4 O-O 6.e3 c5 7.dxc5 Bxc5 8.a3 Nc6
9.cxd5 Nxd5 10.Nxd5 exd5 11.Bd3 Bb6 12.O-O d4 13.e4 Bg4 14.h3 Qf6 15.Bh2 Bxf3
16.Qxf3 Qxf3 17.gxf3 Rfe8 18.Rac1 Ne5 19.Bxe5 Rxe5 20.f4 Re6 21.f5 Ree8 22.f4 Rac8
23.Kf2 Kf8 24.Kf3 Rxc1 25.Rxc1 Re7 26.e5 Rc7 27.Rg1 Rc6 28.h4 Rh6 29.Rc1 Ke7
30.Rc8 Rxh4 31.Bb5 Bd8 32.f6+ gxf6 33.exf6+ Kxf6 34.Rxd8 Rh2 35.Rd7 Rxb2
36.Bc4 Rc2 37.Rxf7+ Kg6 38.Bd3+  1-0

[Event "Politiken Cup"]
[Site "Copenhagen DEN"]
[Date "2000.07.22"]
[Round "6"]
[White "Golod,V"]
[Black "Schandorff,L"]
[Result "1/2-1/2"]
[WhiteElo "2590"]
[BlackElo "2520"]

1.d4 Nf6 2.c4 e6 3.Nc3 d5 4.Nf3 Be7 5.Bf4 O-O 6.e3 c5 7.dxc5 Bxc5 8.a3 Nc6
9.cxd5 Nxd5 10.Nxd5 exd5 11.Bd3 Bb6 12.O-O d4 13.e4 Bg4 14.h3 Qf6 15.Bg3 Bxf3
16.Qxf3 Qxf3 17.gxf3 Na5 18.Rad1 Rac8 19.Kg2 Nc4 20.Bxc4 Rxc4 21.Rd2  1/2-1/2

[Event "10th Open"]
[Site "Jyvaskyla FIN"]
[Date "2000.07.22"]
[Round "7"]
[White "Gavrikov,Vi"]
[Black "Lyrberg,P"]
[Result "1/2-1/2"]
[WhiteElo "2549"]
[BlackElo "2413"]

1.Nf3 d5 2.c4 e6 3.d4 Nf6 4.Nc3 Be7 5.Bf4 O-O 6.e3 c5 7.dxc5 Nc6 8.cxd5 exd5
9.Be2 Bxc5 10.O-O Be6 11.Rc1 Rc8 12.Ne5 Qa5 13.Nxc6 Rxc6 14.a3 Be7 15.Nb5 Rfc8
16.Rxc6 bxc6 17.Nd4 Bd7 18.Qc2 Bf8 19.Be5 c5 20.Nf3 Ne4 21.Bd3 Bc6 22.h3 Re8
23.Bf4 f6 24.Rc1 c4 25.Bxe4  1/2-1/2

[Event "Continental Open"]
[Site "Los Angeles USA"]
[Date "2000.07.24"]
[Round "1"]
[White "Ehlvest,J"]
[Black "Saidy,A"]
[Result "1-0"]
[WhiteElo "2627"]
[BlackElo "2376"]

1.d4 Nf6 2.Nf3 e6 3.c4 d5 4.Nc3 Be7 5.Bf4 O-O 6.e3 Nbd7 7.c5 Ne4 8.Qc2 g5
9.Bg3 f5 10.Nxe4 dxe4 11.Nd2 f4 12.Bc4 fxg3 13.hxg3 Rf6 14.Qxe4 Nf8 15.Nf3 Rg6
16.Ne5 Rg7 17.O-O-O Qe8 18.Rh6 Ng6 19.Rdh1 Nxe5 20.Qxe5 Qf7 21.Bd3 Bd8 22.d5 Qxf2
23.dxe6 Qxg2 24.Bxh7+ Kf8 25.Be4 Qe2  1-0

[Event "15th Open"]
[Site "Avoine FRA"]
[Date "2000.07.25"]
[Round "4"]
[White "Amato,R"]
[Black "Colin,V"]
[Result "1/2-1/2"]
[WhiteElo "2181"]
[BlackElo "2294"]

1.d4 d5 2.Nf3 Nf6 3.c4 e6 4.Nc3 Be7 5.Bf4 O-O 6.e3 c5 7.dxc5 Bxc5 8.Qc2 Qa5
9.Nd2 Bb4 10.Nb3 Bxc3+ 11.bxc3 Qa4 12.cxd5 Nxd5 13.Bg3 Bd7 14.e4 Nb6 15.Bd3 Bb5
16.O-O Bxd3 17.Qxd3 Na6 18.Rfd1 Rac8 19.Bd6 Rfd8 20.e5 Qc4 21.Na5 Qxd3 22.Rxd3 Nc5
23.Rd4 Nba4 24.Nxb7 Nxc3 25.Nxd8 Ne2+ 26.Kf1 Nxd4 27.Rc1 Rxd8 28.Rxc5 h5
29.g3 a6 30.Kg2 Kh7 31.Rc4 Nb5 32.Rc6 Ra8 33.Bc5 Nc3 34.a3 Nd5 35.Kf3 g5
36.h4 g4+ 37.Ke4 Kg6 38.Bd6 Ra7 39.Bc5 Ra8 40.Bd6 Ra7 41.Bc5 Ra8  1/2-1/2

[Event "Open"]
[Site "Bergen NOR"]
[Date "2000.07.26"]
[Round "6"]
[White "Yakovich,Y"]
[Black "Nielsen,PH"]
[Result "1/2-1/2"]
[WhiteElo "2585"]
[BlackElo "2578"]

1.d4 Nf6 2.c4 e6 3.Nf3 d5 4.Nc3 Be7 5.Bf4 O-O 6.e3 Nbd7 7.a3 c5 8.cxd5 Nxd5
9.Nxd5 exd5 10.dxc5 Nxc5 11.Be5 Bf6 12.Bxf6 Qxf6 13.Rc1 Ne6 14.Rc2 Rd8 15.Rd2 d4
16.Nxd4 Nxd4 17.Rxd4 Be6 18.Be2 Rxd4 19.Qxd4 Qxd4 20.exd4 Rd8 21.Bf3 b6 22.Ke2 Rxd4
23.Rc1 Rc4 24.Rxc4 Bxc4+ 25.Ke3 Kf8 26.Kd4 Be6 27.Bd5 Bd7 28.Be4 Be6 29.Ke5 Ke7
30.Bxh7 g6 31.h4 f6+ 32.Kd4 Kf7 33.h5 gxh5 34.Be4 Kg7 35.Bd5 Bc8 36.Kc4 Ba6+
37.Kd4 Bc8 38.Ke4 Kg6 39.Kf4 h4 40.Be4+ f5 41.Bd5 Kf6 42.Bc4 Bb7 43.Bf1 Bc6
44.g3 hxg3  1/2-1/2

[Event "15th Open"]
[Site "Avoine FRA"]
[Date "2000.07.29"]
[Round "8"]
[White "Grimberg,G"]
[Black "Dumitrache,D"]
[Result "1/2-1/2"]
[WhiteElo "2319"]
[BlackElo "2443"]

1.d4 Nf6 2.Nf3 e6 3.c4 d5 4.Nc3 Be7 5.Bf4 O-O 6.e3 c5 7.dxc5 Bxc5 8.Qc2 Nc6
9.O-O-O Qa5 10.Qa4 Qxa4 11.Nxa4 Be7 12.Nc3 Bd7 13.cxd5 exd5 14.Ne5 Be6 15.Nxc6 bxc6
16.Ba6 Rad8 17.Rd2 Rd7 18.h3 Bb4 19.g4 Rfd8 20.Rhd1 Kf8 21.Rc2 h5 22.f3 d4
23.Rxd4 Rxd4 24.exd4 Rxd4 25.Be3 Rd7 26.a3 Be7 27.Rd2 Nd5 28.Nxd5 Bxd5 29.gxh5 Kg8
30.f4 Bd6 31.Rf2 Re7 32.Kd2 Rxe3 33.Kxe3 Bc5+ 34.Ke2 Bxf2 35.Kxf2 c5 36.Bd3 Kf8
37.Ke3 Ke7 38.Be4 Kd6 39.h4 Bb3 40.Bf3 Bc4 41.Be4 Bb3 42.Bf3 Bc4 43.Kd2 Ke6
44.Kc3 Bf1 45.Kd2 Kf5 46.Ke3 Bc4 47.Bd1 Bd5 48.Be2 a5 49.Bd1 Bc4 50.Bf3 Bb3  1/2-1/2

[Event "4th Open"]
[Site "Korinthos GRE"]
[Date "2000.08.01"]
[Round "8"]
[White "Bagaturov,G"]
[Black "Ovsejevitsch,S"]
[Result "1/2-1/2"]
[WhiteElo "2501"]
[BlackElo "2526"]

1.d4 d5 2.c4 e6 3.Nf3 Nf6 4.Nc3 Be7 5.Bf4 O-O 6.e3 b6 7.cxd5 Nxd5 8.Nxd5 exd5
9.Bd3 c5 10.O-O c4 11.Bc2 Nc6 12.b3 b5 13.Qb1 g6 14.a4 cxb3 15.Bxb3 Bf5 16.Qa2 Nb4
17.Qd2 Bd3 18.Rfc1 Bc4 19.Rc3 a6 20.Rb1 Nc6 21.axb5 axb5 22.Bxc4 bxc4 23.Ne5 Nxe5
24.Bxe5 Qd7 25.e4 f6  1/2-1/2

[Event "Scandic Hotels GM"]
[Site "Stockholm SWE"]
[Date "2000.08.02"]
[Round "5"]
[White "Hillarp Persson,T"]
[Black "Grabarczyk,M"]
[Result "1-0"]
[WhiteElo "2549"]
[BlackElo "2495"]

1.d4 Nf6 2.c4 e6 3.Nc3 d5 4.Nf3 Be7 5.Bf4 O-O 6.e3 b6 7.Qc2 Bb7 8.cxd5 exd5
9.Rd1 c5 10.dxc5 bxc5 11.Bc4 Nc6 12.a3 Qa5 13.Qb3 Nd8 14.Be2 Ne4 15.Be5 c4
16.Qc2 f6 17.Bd4 Ne6 18.O-O Nxd4 19.Nxd4 Nxc3 20.bxc3 Qxa3 21.Rb1 Rfb8 22.Bf3 Qd6
23.Rfd1 Kh8 24.Nf5 Qc7 25.h4 Bf8 26.h5 Bc6 27.Nd4 Rxb1 28.Rxb1 a5 29.Qf5 Be8
30.Bxd5 Bd7 31.Ne6 Re8 32.Be4  1-0

[Event "HZ Open"]
[Site "Vlissingen NED"]
[Date "2000.08.03"]
[Round "7"]
[White "Golod,V"]
[Black "Barsov,A"]
[Result "1/2-1/2"]
[WhiteElo "2590"]
[BlackElo "2534"]

1.Nf3 d5 2.d4 Nf6 3.c4 e6 4.Nc3 Be7 5.Bf4 O-O 6.e3 c5 7.dxc5 Bxc5 8.a3 Nc6
9.b4 Be7 10.cxd5 exd5 11.Be2 Be6 12.Nd4 Rc8 13.O-O a5 14.Nxc6 bxc6 15.Ba6 Ra8
16.Bb7 Ra7 17.Bxc6 axb4 18.axb4 Rxa1 19.Qxa1 Bxb4 20.Rd1 Bxc3 21.Qxc3 Qb6
22.Ba4 Ne4 23.Qe1 Qb2 24.Rb1 Qf6 25.Bc2 Rc8 26.Rb8 Rxb8 27.Bxb8 Qb2 28.Qb1 Qxb1+
29.Bxb1 Nd2 30.Bc2 Nc4 31.Ba7 f6 32.f3 Kf7 33.g4 g6 34.Kf2 Bd7 35.Bc5 Bb5
36.Bd4 Na3 37.Bb3 Bc4 38.Ba4 Bb5 39.Bd1 Bd3 40.h4 h5 41.gxh5 gxh5 42.f4 Kg6
43.Bf3 Be4 44.f5+ Bxf5 45.Bxd5 Nb5 46.Kg3 Nxd4 47.exd4 Kg7 48.Kf4 Bg4 49.Bf3 Bxf3
50.Kxf3 Kf7 51.Kf4 Ke6 52.Ke4 Kd6 53.Kf5 Kd5 54.Kg6 f5 55.Kxf5  1/2-1/2

[Event "TCh-ESP"]
[Site "Barcelona ESP"]
[Date "2000.08.05"]
[Round "1"]
[White "Bellon Lopez,JM"]
[Black "Gomez Esteban,J"]
[Result "1/2-1/2"]
[WhiteElo "2421"]
[BlackElo "2516"]

1.d4 Nf6 2.c4 e6 3.Nc3 d5 4.Nf3 Be7 5.Bf4 O-O 6.e3 Nbd7 7.cxd5 Nxd5 8.Nxd5 exd5
9.a3 c6 10.Bd3 Re8 11.O-O a5 12.Ne5 Nxe5 13.Bxe5 Bd6 14.Bxd6 Qxd6 15.Rc1 Bd7
16.Re1 g6 17.Qb3 Reb8 18.Qb6 Qf6 19.e4 dxe4 20.Bxe4 Qd8 21.Qxd8+ Rxd8 22.d5 Rac8
23.dxc6 Bxc6 24.Bxc6 Rxc6 25.Rxc6 bxc6 26.Kf1 Rd2 27.b3 Kf8 28.Re3 Rc2 29.Ke1 c5
30.Re5 Ra2 31.Rxc5 Rxa3 32.Rb5 Ra2 33.g4 h6 34.h3 Kg7 35.Kf1 a4 36.bxa4 Rxa4  1/2-1/2

[Event "TCh-ESP"]
[Site "Barcelona ESP"]
[Date "2000.08.08"]
[Round "4"]
[White "Pelletier,Y"]
[Black "Ubilava,E"]
[Result "1/2-1/2"]
[WhiteElo "2474"]
[BlackElo "2532"]

1.Nf3 Nf6 2.c4 e6 3.Nc3 d5 4.d4 Be7 5.Bf4 O-O 6.e3 c5 7.dxc5 Bxc5 8.a3 Nc6
9.cxd5 Nxd5 10.Nxd5 exd5 11.Bd3 Bb6 12.O-O d4 13.e4 Bg4 14.h3 Bh5 15.g4 Bg6
16.Nd2 f6 17.Nc4 Bc7 18.Bxc7 Qxc7 19.f4 Bf7 20.Rc1 Kh8 21.b4 Bxc4 22.Rxc4 Qd6
23.Bc2 Rfd8 24.Qd3 g6 25.Rc5 a5 26.Rd5 Qc7 27.b5 Ne7 28.Rxd4 Qc5 29.Rd1 Rxd4
30.Qxd4 Qxc2 31.Qxf6+ Kg8 32.Qe6+ Kf8 33.Qf6+ Kg8 34.Qe6+  1/2-1/2

[Event "TCh-ESP"]
[Site "Barcelona ESP"]
[Date "2000.08.08"]
[Round "4"]
[White "Suba,M"]
[Black "Campora,D"]
[Result "1/2-1/2"]
[WhiteElo "2487"]
[BlackElo "2526"]

1.Nf3 d5 2.d4 Nf6 3.c4 e6 4.Nc3 Be7 5.Bf4 O-O 6.e3 c5 7.dxc5 Bxc5 8.a3 Nc6
9.Qc2 Qa5 10.Nd2 Bb4 11.cxd5 Nxd5 12.Nxd5 Bxd2+ 13.Qxd2 Qxd2+ 14.Kxd2 exd5
15.Bb5 Na5 16.Bd6 Nb3+ 17.Kc3 Nxa1 18.Bxf8 Kxf8 19.Rxa1 Be6 20.Bd3 Ke7 21.Kd4 Rc8
22.a4 Kd6 23.a5 h6 24.f3 Rc7 25.g4 Rc8 26.Rg1 Rc5 27.b4 Rc8 28.h4 a6 29.g5 hxg5
30.Rxg5 g6 31.h5 gxh5 32.Rxh5 Rc1 33.Rh6 Rd1 34.f4 Ke7 35.Kc3 Rc1+ 36.Kd2 Rc7
37.f5 Bd7 38.e4 dxe4 39.Bxe4 Rc4 40.Bxb7 Rxb4 41.f6+ Kd6 42.Bxa6 Bb5 43.Bb7 Bf1
44.Rh1 Rxb7 45.Rxf1 Ra7 46.Ra1 Ra6 47.Kc3 Ke5 48.Kd3 Kd5 49.Ra2 Kc5 50.Rc2+ Kd6
51.Ra2 Kc5 52.Ke4 Rxf6 53.a6 Re6+ 54.Kf5 Re8 55.Kf6  1/2-1/2

[Event "TCh-ESP"]
[Site "Barcelona ESP"]
[Date "2000.08.09"]
[Round "5"]
[White "Merino Garcia,R"]
[Black "Ramirez Gonzalez,J"]
[Result "1/2-1/2"]
[WhiteElo "2322"]
[BlackElo "2195"]

1.d4 d5 2.Nf3 Nf6 3.c4 e6 4.Nc3 Be7 5.Bf4 O-O 6.e3 c5 7.Be2 cxd4 8.Nxd4 Nbd7
9.Bg3 dxc4 10.Bxc4 Nb6 11.Bb3 Nbd5 12.Nxd5 Nxd5 13.O-O Bf6 14.Rc1 Qb6 15.Qh5 Bxd4
16.exd4 Qxd4 17.Be5 Nf4 18.Bxd4 Nxh5 19.Bc5 Rd8 20.Rcd1 Rd7 21.Ba4 Rd5 22.Bb3 Rd7  1/2-1/2

[Event "4th Open"]
[Site "Genova ITA"]
[Date "2000.08.09"]
[Round "4"]
[White "Banikas,H"]
[Black "Dervishi,E"]
[Result "1-0"]
[WhiteElo "2542"]
[BlackElo "2478"]

1.d4 Nf6 2.c4 e6 3.Nf3 d5 4.Nc3 Be7 5.Bf4 O-O 6.e3 c5 7.dxc5 Bxc5 8.cxd5 Nxd5
9.Nxd5 exd5 10.Bd3 Bb4+ 11.Ke2 Nc6 12.Qc2 h6 13.Rhd1 Qf6 14.Rac1 Bg4 15.Kf1 Ba5
16.Qb3 Bb6 17.Qxd5 Nb4 18.Qd6 Qxd6 19.Bxd6 Nxd3 20.Rxd3 Rfd8 21.a3 f6 22.Rdd1 a5
23.b4 Kf7 24.Ke1 Rac8 25.bxa5 Bxa5+ 26.Bb4 Bb6 27.h3 Be6 28.Rxc8 Rxc8 29.Rb1 Bd5
30.Rd1 Bc6 31.Kf1 Bb5+ 32.Kg1 Rc2 33.Nd4 Bxd4 34.exd4 Be2 35.Re1 Ke6 36.f3 Kd5
37.Bf8 g6 38.Bxh6 f5 39.Bg7 Ra2 40.h4 b5 41.Bf6 Rc2 42.Kf2 Bc4+ 43.Kg3 Ra2
44.Re5+ Kc6 45.Rc5+ Kd7 46.Be5 Rxa3 47.d5 Ra7 48.Rc6 Ke8 49.Rc8+ Ke7 50.Rc7+ Rxc7
51.d6+ Kd7 52.dxc7 b4 53.Kf4 b3 54.Kg5 Bf7 55.Kf6 Be8 56.f4 b2 57.Bxb2 Kxc7
58.Ke7 Bc6 59.Be5+ Kc8 60.Kf7  1-0

[Event "Lost Boys Open"]
[Site "Amsterdam NED"]
[Date "2000.08.13"]
[Round "3"]
[White "Piket,Je"]
[Black "Jonkman,H"]
[Result "1-0"]
[WhiteElo "2649"]
[BlackElo "2424"]

1.c4 e6 2.Nc3 d5 3.d4 Be7 4.Nf3 Nf6 5.Bf4 O-O 6.e3 b6 7.Rc1 c6 8.a3 Bb7 9.Bd3 Nbd7
10.cxd5 Nxd5 11.Nxd5 exd5 12.Qc2 h6 13.O-O c5 14.dxc5 Nxc5 15.Bh7+ Kh8 16.Bf5 Bf6
17.Nd4 Bc8 18.Rcd1 Bd7 19.Qb1 Re8 20.h3 a5 21.Bc2 Qc8 22.Rd2 Qb7 23.Rfd1 Ne4
24.Re2 Nc5 25.Bg3 b5 26.Red2 b4 27.axb4 axb4 28.Nb3 Na4 29.Bd3 Bc6 30.Bf1 Rad8
31.Nd4 Bd7 32.Be2 Nc5 33.Bf3 Ne4 34.Bxe4 dxe4 35.Qa2 Kg8 36.Kh2 Ra8 37.Qb1 Ba4
38.Rc1 Red8 39.Rc7 Qb6 40.Qxe4 Be8 41.Rc1 Ra7 42.Nc6 Bxc6 43.Rxc6 Qb7 44.Rxd8+ Bxd8
45.Qc4 Ra8 46.Be5 b3 47.Rg6 Ra5 48.Rxg7+ Kf8 49.Bc3 Qc7+ 50.Qxc7 Bxc7+ 51.f4 Ra6
52.Rh7 Rc6 53.Rh8+ Ke7 54.Bd4 Bb6 55.Bxb6 Rxb6 56.Kg3 Kd7 57.Kf3 Kc7 58.Ra8 Kd6
59.Rc8  1-0

[Event "ch-ESP"]
[Site "Barcelona ESP"]
[Date "2000.08.21"]
[Round "4"]
[White "Oms Pallise,J"]
[Black "Mascaro March,P"]
[Result "1-0"]
[WhiteElo "2430"]
[BlackElo "2213"]

1.d4 Nf6 2.c4 e6 3.Nf3 d5 4.Nc3 Be7 5.Bf4 O-O 6.e3 c6 7.Qc2 Nbd7 8.h3 Qa5
9.Nd2 c5 10.cxd5 exd5 11.Be2 cxd4 12.Nb3 Qd8 13.Nxd4 Nc5 14.O-O Ne6 15.Be5 Nd7
16.Nxe6 fxe6 17.Bg3 a6 18.Rad1 Bf6 19.Bd3 g6 20.Bxg6 hxg6 21.Qxg6+ Kh8 22.Qh6+ Kg8
23.Qg6+ Kh8 24.Bd6 Re8 25.Nxd5 exd5 26.Rxd5 Bg7 27.Rg5 Qxg5 28.Qxg5 Nf6 29.Be5 Rf8
30.Rd1 Be6 31.Rd4 Rf7 32.Rh4+ Kg8 33.Rh6 Nh7 34.Qg3 Re8 35.a3 Ree7 36.Bc3 Bd5
37.Rd6 Bc6 38.h4 Rd7 39.Rg6 Be4 40.h5 Bxg6 41.hxg6 Rfe7 42.gxh7+ Kxh7 43.Qh4+ Kg8
44.Qc4+ Kh7 45.g3 Bxc3 46.Qxc3 Kg6 47.Kg2 Rf7 48.g4  1-0